| 000 | 00826cab a2200241 4500 | ||
|---|---|---|---|
| 001 | ABS55872 | ||
| 008 | 090401t1996 xxu||||| |||| 00| 0 eng d | ||
| 035 | _a(Sirsi) u19304 | ||
| 041 | _aeng | ||
| 100 | _aWalker, D. | ||
| 245 | _aWhat sort of person makes a good project manager | ||
| 260 | _c1996 | ||
| 350 | _a0 | ||
| 490 |
_aBuilding Economist _vSeptember 1996, 26-29(4) |
||
| 520 | _aOutlines the role of the project manager and discusses the skills and attributes required for an effective project manager. (AUSTRALIAN ARTICLE). | ||
| 650 | _aCAREERS, EDUCATION AND TRAINING | ||
| 650 | _aMANAGEMENT-PROJECT MANAGEMENT | ||
| 650 | _aPROJECT MANAGERS | ||
| 690 | _aBUILDING AND CONSTRUCTION-PROJECTS | ||
| 690 | _aMANAGEMENT-BUSINESS MANAGEMENT-PROFESSIONAL PRACTICE | ||
| 942 | _n0 | ||
| 948 | _c04/03/1997 | ||
| 999 |
_c12874 _d12874 |
||